Early history of India : (Record no. 38656)

MARC details
000 -LEADER
fixed length control field 00526nam a2200157Ia 4500
005 - DATE AND TIME OF LATEST TRANSACTION
control field 20260122095403.0
008 - FIXED-LENGTH DATA ELEMENTS--GENERAL INFORMATION
fixed length control field 260121s9999||||xx |||||||||||||| ||und||
020 ## - INTERNATIONAL STANDARD BOOK NUMBER
International Standard Book Number 9789387826335
082 ## - DEWEY DECIMAL CLASSIFICATION NUMBER
Classification number 934
Item number SMI
100 ## - MAIN ENTRY--PERSONAL NAME
Personal name Smith, Vincent A.
245 #0 - TITLE STATEMENT
Title Early history of India :
Remainder of title from 600 B.C. to the Muhammadan conquest, including the invasion of Alexander the great /
Statement of responsibility, etc Vincent A. Smith
260 ## - PUBLICATION, DISTRIBUTION, ETC. (IMPRINT)
Place of publication, distribution, etc Chennai :
Name of publisher, distributor, etc MJP Publisher,
Date of publication, distribution, etc 2023.
300 ## - PHYSICAL DESCRIPTION
Extent viii, 510 p.; hb
650 ## - SUBJECT ADDED ENTRY--TOPICAL TERM
Topical term or geographic name as entry element India - History - Ancient period
942 ## - ADDED ENTRY ELEMENTS (KOHA)
Koha item type Text Books
Holdings
Withdrawn status Lost status Source of classification or shelving scheme Damaged status Not for loan Collection code Home library Location Shelving location Date of Cataloging Total Checkouts Full call number Barcode Date last seen Date checked out Price effective from Koha item type Source of acquisition
    Dewey Decimal Classification     Non-fiction CUTN Central Library CUTN Central Library History & Geography 11/05/2023 1 954 SMI 46261 18/05/2024 02/03/2024 11/05/2023 General Books  
          Non-fiction CUTN Central Library CUTN Central Library History & Geography 22/01/2026   934 SMI 52650 22/01/2026   22/01/2026 Text Books Tamil Nadu Book House, Chennai - Invoice No. - IN/180 on 10-03-2025